000 00677pam a2200193 a 4500
001 000004929
005 20200929151534.0
008 851023s1985 pr a j b s000 0 spa
020 _a0847735338 (pbk.)
040 _aDO-SdBNP
_bspa
_cBNPHU
100 1 _aFeliciano Mendoza, Ester
_914245
245 1 0 _aRomancero de la Conquista /
_cEster Feliciano Mendoza.
260 _aRio Piedras, P. R. :
_bUniversidad de Puerto Rico,
_c1985.
300 _a71 p. :
_bil. ;
_c29 cm.
490 1 _aNinos y letras
504 _aBibliografía: p. 71.
520 _aUna colección de poemas en español que relata la conquista de Puerto Rico por los españoles.
830 0 _aNinos y letras
_914246
999 _c4735
_d4735